| 000 | 00888nam a2200265 a 4500 | ||
|---|---|---|---|
| 008 | 970404s1996 xo a r y 0 cze c | ||
| 020 |
_a8088699096 _c10 |
||
| 040 |
_aSNK _bslo _cSNK _eAACR2 |
||
| 041 | 1 |
_aslo _heng |
|
| 044 |
_axo _cSK |
||
| 080 | _a574:111.1=850 | ||
| 100 | 1 |
_aNaess, Arne _4aut |
|
| 240 | 1 | 0 |
_aEcology, community and lifestyle _lČesky |
| 245 | 1 | 0 |
_aEkologie, pospolitost a životní styl _bnáčrt ekosofie _cArne Naess ; upravil David Rothenberg ; přeložil Jiří Hrubý |
| 260 |
_aTulčík _bAbies _cc1996 |
||
| 300 |
_a310 s. _bsch. _c20 cm |
||
| 504 | _aBibliogr. s. 305-310. Reg. | ||
| 650 | 0 | 7 |
_aekológia _xvýklady _2SNK |
| 650 | 0 | 7 |
_aekozofia _xvýklady _2SNK |
| 700 | 1 |
_aHrubý, Jiří _4trl |
|
| 700 | 1 |
_aRothenberg, David _4adp |
|
| 730 | _tEcology, community and lifestyle | ||
| 765 | 0 |
_tEcology, community and lifestyle _aNaess, Arne |
|
| 958 | _aAPP | ||
| 999 |
_c15270 _d15270 |
||